One Piece - Logia - Statistiques

Statistiques générales
  • Ce quiz a été pris 93 fois
  • Le résultat moyen est 15 sur 28
Statistiques - réponses
Hint Réponse % Correct
2 Portgas D. Ace
99%
8 Sakazuki Akainu
95%
5 Kuzan Aokiji
93%
12 Sabo
93%
7 Borsalino Kizaru
91%
3 Crocodile
78%
1 Smoker
78%
6 Marshall D. Teach
72%
9 Caribou
68%
4 Ener
68%
11 Monet
68%
10 César Clown
66%
8 Fruit du Magma
57%
14 Aramaki Ryokugyû
55%
3 Fruit des Sables
53%
2 Pyro-Fruit
50%
12 Pyro-Fruit
50%
6 Fruit des Ténèbres
49%
10 Fruit du Gaz
42%
13 Karasu
30%
4 Fulguro-Fruit
28%
9 Fruit du Marais
24%
1 Fruit Fumigène
23%
7 Fruit Luminescent
22%
5 Givro-Fruit
22%
13 Fruit de la Suie
20%
11 Fruit du Flocon
19%
14 Sylvo-Fruit
8%
Aucun quiz correspondant
Distribution des résultats
% des personnes avec chaque résultat
Percentile par nombre de réponses
Votre historique - résultats
Vous n’avez pas pris ce quiz